Latin-amerikai kutatás nagyobb nemzeti önismeret. Beszélgetés Anderle Ádám professzorral.

Elmentve itt :
Bibliográfiai részletek
Dokumentumtípus: Cikk
Megjelent: 1989-11-04
Sorozat:Csongrád Megyei Hírlap
Kulcsszavak:Anderle Ádám
Online Access:http://univ.bibl.u-szeged.hu/26002
LEADER 00483nab a2200145 i 4500
001 univ26002
005 20171214134619.0
008 171214s1989 hu o 0|| zxx d
040 |a SZTE UnivHistória Repozitórium  |b hun 
041 |a zxx 
245 0 0 |a Latin-amerikai kutatás  |h [elektronikus dokumentum] :  |b nagyobb nemzeti önismeret. Beszélgetés Anderle Ádám professzorral. 
260 |c 1989-11-04 
490 0 |a Csongrád Megyei Hírlap 
561 |a Egyetemi hirarchívum 
695 |a Anderle Ádám